The Struggle of my life: (Record no. 180551)

MARC details
000 -LEADER
fixed length control field 00576nam a22001817a 4500
005 - DATE AND TIME OF LATEST TRANSACTION
control field 20210811131018.0
010 ## - LCCN (DPL NO)
LC control number ENG-129729
020 ## - INTERNATIONAL STANDARD BOOK NUMBER
Terms of availability 1395.00
International Standard Book Number 978-01-99480-36-4
035 ## - SYSTEM CONTROL NUMBER
System control number EN-113261
037 ## - SOURCE OF ACQUISITION
Source of stock number/acquisition DBAD/PUB
082 ## - DEWEY DECIMAL CLASSIFICATION NUMBER
Classification number 954.035092
245 ## - TITLE STATEMENT
Title The Struggle of my life:
Statement of responsibility, etc Translated and edited by Ramchandra Pradhan/
250 ## - EDITION STATEMENT
Edition statement 2018
260 ## - PUBLICATION, DISTRIBUTION, ETC. (IMPRINT)
Name of publisher, distributor, etc Oxford University press
Date of publication, distribution, etc 2018
Place of publication, distribution, etc New Delhi
270 ## - ADDRESS
Address 2/11 Ground floor,Ansari Road,Daryaganj
City New Delhi
Postal code 110002
300 ## - PHYSICAL DESCRIPTION
Extent xliii;383p.
Dimensions 28cm (hbk)
942 ## - ADDED ENTRY ELEMENTS (KOHA)
Source of classification or shelving scheme Dewey Decimal Classification
Item type English Books
Classification part 954.035092
Call number prefix STR
Holdings
Withdrawn status Lost status Not for loan Collection code Home library Current library Date acquired Source of acquisition Cost, normal purchase price Full call number Barcode Copy number Cost, replacement price Koha item type
    Not For Loan Non-fiction Shahdara Branch Shahdara Branch 11/08/2021 DBAD/PUB 1395.00 954.035092 EN-113261 1 1395.00 English Books

© Delhi Public Library
Hit Counter
free hit counter